Ciudad a País - Selección de Azulejos - Estadísticas

Estadísticas generales
  • Esta prueba ha sido intentada 4.510 veces
  • La puntuación promedio es 46 de 60
Estadísticas de respuestas
Pregunta Azulejo Select % Correcto
Brasil Buenos Aires No
99%
Brasil São Paulo
99%
Brasil Córdoba No
98%
Brasil Rio de Janeiro
98%
Brasil La Paz No
97%
México Ciudad de Panamá No
95%
Francia Zaragoza No
95%
México Bilbao No
94%
Francia París
94%
México Malabo No
93%
Francia Palermo No
93%
México Tijuana
93%
Francia Yaundé No
92%
México Guadalajara
91%
Francia Lyon
91%
Francia Toulouse
91%
México Monterrey
90%
Rusia Tiflis No
90%
México Tucson No
90%
Rusia Ulán Bator No
89%
Rusia Almatí No
88%
México Acapulco
87%
India Bombay
87%
India Colombo No
87%
Francia Ginebra No
87%
Rusia Vladivostok
87%
Francia Mónaco No
86%
India Chongqing No
85%
Francia Burdeos
83%
Francia Lille
82%
México San Diego No
82%
Brasil Valparaíso No
82%
Rusia Sapporo No
81%
Rusia Novosibirsk
79%
Brasil Cochabamba No
77%
Francia Gante No
77%
México Tegucigalpa No
77%
India Calcuta
76%
India Chittagong No
76%
Brasil Recife
76%
India Timbu No
76%
Rusia Urumchi No
75%
Brasil Belém
70%
Brasil Curitiba
70%
India Karachi No
69%
Brasil Manaos
69%
Rusia Nizhni Nóvgorod
68%
Rusia Donetsk No
64%
India Lhasa No
63%
India Jaipur
60%
Rusia Sochi
57%
México El Paso No
54%
India Agra
52%
Rusia Járkov No
47%
México Cabo San Lucas
44%
India Patna
43%
Francia Ajaccio
40%
Brasil Salvador
35%
India Ahmedabad
32%
Rusia Ufa
29%
No se encontraron pruebas coincidentes
Distribución de puntuación
Porcentaje de gente con cada puntuación
Porcentaje por número respondido
Historial de tus puntuaciones
No has intentado esta prueba.